|
|
|
|
| LEADER |
01660nam a2200409 a 4500 |
| 001 |
000400769 |
| 003 |
CZ BrMZK |
| 005 |
20220315133224.0 |
| 007 |
ta |
| 008 |
030326s1999 xr f |||| 0 cze d |
| 015 |
|
|
|a cnb000653505
|
| 020 |
|
|
|a 80-7082-500-6
|
| 035 |
|
|
|a (OCoLC)84966743
|
| 040 |
|
|
|a BOA001
|b cze
|
| 072 |
|
7 |
|a 796
|x Sport. Hry. Tělesná cvičení
|2 Konspekt
|9 20
|
| 072 |
|
7 |
|a 37.016
|x Učební osnovy. Vyučovací předměty. Učebnice
|2 Konspekt
|9 22
|
| 080 |
|
|
|a 796.012.1
|2 MRF
|
| 080 |
|
|
|a 796.012
|2 MRF
|
| 080 |
|
|
|a (075.8)
|2 MRF
|
| 100 |
1 |
|
|a Choutka, Miroslav,
|d 1923-
|7 jk01050324
|4 aut
|
| 245 |
1 |
0 |
|a Motorické učení v tělovýchovné a sportovní praxi /
|c M. Choutka, D. Brklová, J. Votík
|
| 250 |
|
|
|a 1. vyd.
|
| 260 |
|
|
|a Plzeň :
|b Západočeská univerzita,
|c 1999
|
| 300 |
|
|
|a 70 s. ;
|c 20 cm
|
| 504 |
|
|
|a Obsahuje bibliografii
|
| 521 |
|
|
|a Určeno pro posluchače 3., 4. roč. FPE, mgr. studium kombinace s TV, 2. roč. bc studium TV a sport
|
| 650 |
0 |
7 |
|a motorické schopnosti
|7 ph134912
|2 czenas
|
| 650 |
0 |
7 |
|a antropomotorika
|7 ph118534
|2 czenas
|
| 655 |
|
7 |
|a učebnice vysokých škol
|7 fd133772
|2 czenas
|
| 700 |
1 |
|
|a Votík, Jaromír,
|d 1947-
|7 jn20001103652
|4 aut
|
| 700 |
1 |
|
|a Brklová, Danuše,
|d 1932-
|7 pna2007418486
|4 aut
|
| 710 |
2 |
|
|a Západočeská univerzita.
|b Pedagogická fakulta
|7 kn20010709437
|
| 910 |
|
|
|a BOA001
|b 2-1056.557
|b PK-0132.241
|
| 920 |
|
|
|a 000424446
|
| 990 |
|
|
|a BK
|
| 996 |
6 |
|
|b 2610088150
|c 2-1056.557
|l MZK
|r Sklad / do 1 hodiny
|n 7
|p p.v.
|w 000400769
|u 000010
|a 1
|e BOA001
|j MZK50
|s P
|
| 996 |
7 |
|
|b 3119017253
|c PK-0132.241
|l MZK
|r Sklad / do 1 hodiny
|n 22
|p kup
|w 000400769
|u 000020
|a 1
|e BOA001
|j MZK50
|s A
|